01684nam a2200385Ia 4500001001200000003000800012006001900020007001500039008004100054020001500095020001800110020001800128040002100146035002100167050002500188100002600213245012800239260008200367300002400449490005100473490003600524500003800560504005200598533015200650650004700802650005500849650005500904655002900959710006600988710001701054830004401071830004001115856012601155999001701281ebr10237220CaPaEBRm u cr cn|||||||||080227s2008 dcua sb 000 0 eng d z0821375059 z9780821375051 z9780821375068 aCaPaEBRcCaPaEBR a(OCoLC)60862305914aLA1502b.S884 2008eb1 aSutherland-Addy, Esi.10aGender equity in junior and senior secondary education in Sub-Saharan Africah[electronic resource] /cEsi Sutherland-Addy. aWashington, D.C. :bWorld Bank, Africa Region Human Development Dept.,c2008. axxiv, 63 p. :bill.1 aWorld Bank working paper,x1726-5878 ;vno. 141 aAfrica human development series aExecutive summary also in French. aIncludes bibliographical references (p. 61-63). aElectronic reproduction.bPalo Alto, Calif. :cebrary,d2011.nAvailable via World Wide Web.nAccess may be limited to ebrary affiliated libraries. 0aEducation, SecondaryzAfrica, Sub-Saharan. 0aGirlsxEducation (Secondary)zAfrica, Sub-Saharan. 0aSex differences in educationzAfrica, Sub-Saharan. 7aElectronic books.2local2 aWorld Bank.bAfrica Regional Office.bHuman Development Dept.2 aebrary, Inc. 0aAfrica Region human development series. 0aWorld Bank working paper ;vno. 14.40uhttp://site.ebrary.com/lib/rucke/Doc?id=10237220zAn electronic book accessible through the World Wide Web; click to view c37819d37819